01694nas a2200241Ia 4500001001100000003001000011008004100021040002500062041001300087100002200100210001700122222001700139245006600156250001100222260005100233300001100284310001200295362003500307500048600342501011400828520048600942650002401428R235-R2423IT-CnALBA170116c99999999xx |||||||||||| ||und|| aIT-CnALBAcIT-CnALBA aITALIANO aVALENTINI ALBERTO aMADRE DI DIO aMADRE DI DIO 0aMADRE DI DIO. N. I. ANNO LVIII GENNAIO 1990 MENSILE MARIANO.  a1a ed. aCINISELLO BALSAMO (MI)bEDIZIONI PAOLINEc1990 a36 p.  aMENSILE aFascicolo: 1 / Anno: 58 (1990) aMADRE DI DIO SECONDO D. ALBERIONE. BERNANOS E MARIA CREATURA SUBLIME. MIRACOLI DELLA VERGINE. CESARE GUASTI E MARIA. LETTURA DELL'ENCICLICA REDEMPTORIS MATER, MADRE DEL REDENTORE. VITERBO PATTO D'AMORE CON LA VERGINE. ICONE RUSSE IN VATICANO. MAX THURIAN MARIA E L'UNITÀ DEI FIGLI. LA MADRE DEL SALVATORE NELLE CATACOMBE. MARIA E GIUSEPPE CAMMINO DI FEDE. ALCUINO E GLI SCRITTI SULLA VERGINE. GAMBERO L. COLLABORAZIONE TRA PARROCCHIA E SANTUARIO. MARIA MADRE DI DIO. MAGGIONI C.  aSocietà San Paolo EM - Piazza San Paolo, 14 - 12051 ALBA (CN) (non commercial uses only) ® Copyright 2017 aMADRE DI DIO SECONDO D. ALBERIONE. BERNANOS E MARIA CREATURA SUBLIME. MIRACOLI DELLA VERGINE. CESARE GUASTI E MARIA. LETTURA DELL'ENCICLICA REDEMPTORIS MATER, MADRE DEL REDENTORE. VITERBO PATTO D'AMORE CON LA VERGINE. ICONE RUSSE IN VATICANO. MAX THURIAN MARIA E L'UNITÀ DEI FIGLI. LA MADRE DEL SALVATORE NELLE CATACOMBE. MARIA E GIUSEPPE CAMMINO DI FEDE. ALCUINO E GLI SCRITTI SULLA VERGINE. GAMBERO L. COLLABORAZIONE TRA PARROCCHIA E SANTUARIO. MARIA MADRE DI DIO. MAGGIONI C.  aANGELI SANTI DEMONI